Responses for Show #2363 - Wednesday, December 7, 1994

Contestants

[<< previous game]

Shelley Hander, a chef and instructor from San Francisco, California

Scott Terek, a software engineer from Sherman Oaks, California

George Needham, an association executive from Park Ridge, Illinois (whose 1-day cash winnings total $14,500)

[next game >>]

Jeopardy! Round responses

GEOGRAPHY
ROCK TRIVIA
WEIGHTS & MEASURES
FIRST LADIES
MONTHS
BIBLICAL WORDETHS
(Alex: And in each correct response, the word will end in "E-T-H".)
    $100 7
Lima

George
    $100 6
"Mandy"

Scott
    $100 14
a bushel

Scott
    $100 12
Mary Lincoln

George
    $100 26
December

Scott
    $100 1
cheweth

Scott
    $200 19
the Bering Strait

George
    $200 8
the Eagles

George
    $200 15
board feet

George
    $200 13
Mamie Eisenhower

Shelley
    $200 27
April

George
    $200 2
shineth

George
    $300 20
Mount Etna

Scott
    $300 9
Marilyn Monroe

George
    $300 23
a cubit

George
    $300 16
Jacqueline Kennedy

George
    $300 28
(Shelley: What is July?)

August

ScottShelley
    $300 3
(Scott: What is refresheth?)

restoreth

ScottShelley
    $400 21
(George: What is, um, Spain, and Portugal, and [*]?)
(Alex: That's what it's called. You gave us a lot of information. Fortunately, it was all correct.)
...
(George: Well it's like The $10,000 Pyramid here.)

the Iberian Peninsula

George
    $400 10
"Mony Mony"

George
    $400 24
(George: What's an astronomical unit?)

a parsec

GeorgeScott
    $1,300 17
Betty Ford

George
    $400 29
September

Shelley
    $400 4
(Alex: Shelley, do you want to try the $500?)
(Shelley: Yes.)
(Alex: Let's get rid of it.)
(Shelley: Why not?)
(Alex: Thank you.)

goeth

Triple Stumper
    $500 22
Honshu

Scott
    $500 11
Darlene Love

Triple Stumper
    $500 25
an acre

George
    $500 18
Pat Nixon

Scott
    $500 30
October

Scott
    $500 5
(Scott: What is cometh?)
(George: What is falleth?)
(Shelley: What is goeth?)
...
(Alex: Well, so much for BIBLICAL WORDETHS.)
(George: I think we needed a little biblical intervention.)
(Alex: Shelley, select. We have marvelous scores, -$200, -$700, and -$300. Goeth again.)
(Shelley: Oucheth.)

proceedeth

GeorgeScottShelley
Triple Stumper

Scores at the first commercial break (after clue 13):

George Scott Shelley
$800 -$600 $0

Scores at the end of the Jeopardy! Round:

George Scott Shelley
$3,800 $2,100 $100

Double Jeopardy! Round responses

THE MIDDLE AGES
FOOD
ARTISTS
ANIMAL FACTS
MONTANA
THE AMERICAN THEATRE
    $200 26
Genghis Khan

George
    $200 1
filet mignon

Scott
    $200 21
Rockwell

Scott
    $200 9
his toes

Shelley
    $200 2
Yellowstone

George
    $200 3
Neil Simon

George
    $400 27
the Decameron

Scott
    $400 14
refried beans

Scott
    $400 22
Van Gogh

Shelley
    $400 11
a butterfly

Scott
    $400 6
Helena

George
    $400 4
Louisville

George
    $600 28
(George: Who is, um, I lost it.)

William the Conqueror

GeorgeScott
    $600 10
the shark

George
    $600 23
Monet

Shelley
    $600 13
[ERRATUM: The Gila monster is venomous, not poisonous.]

the Gila monster

Shelley
    $600 12
the pine

George
    $600 5
Play It Again, Sam

Scott
    $800 29
Constantinople

George
    $800 17
halvah

Scott
    $800 24
(George: Who is Seurat?)
(Shelley: Who is Monet?)

Renoir

GeorgeShelley
Triple Stumper
    $800 15
(George: What is the rodent family?)

the weasel family

George
Triple Stumper
    $800 19
mountain

George
    $2,000 7
Sam Shepard

George
    $1000 30
(George: Who is, um...)

Saladin

George
Triple Stumper
    $1000 18
a Monte Cristo sandwich

Scott
    $1000 25
Titian

Shelley
    $1000 16
the capybara

Shelley
    $800 20
sapphire

George
    $1000 8
Ossie Davis

George

Scores at the end of the Double Jeopardy! Round:

George Scott Shelley
$8,600 $6,700 $3,100

[wagering suggestions for these scores]

Final Jeopardy! Round responses

POETIC HEROINES
(Alex: One of the great poems in American literature, "This is the forest primeval.")
ShelleyWhat is "Evangeline"
$2,500
ScottWhat is Evangeline?
$6,600
GeorgeWhat is Evangeline?
$4,801
Evangeline

Final scores:

George Scott Shelley
$13,401 $13,300 $5,600
2-day champion: $27,901 2nd place: Gibson refrigerator/freezer, range & dishwasher + Bob Mitchell wall coverings 3rd place: JVC VCR

Game dynamics:

Coryat scores:

George Scott Shelley
$6,700 $6,700 $3,100
26 R
(including 3 DDs),
6 W
19 R,
2 W
9 R,
3 W

Combined Coryat: $16,500

[game clues] [game scores] [suggest correction]

Game tape date: 1994-09-13
The J! Archive is created by fans, for fans. Scraping, republication, monetization, and malicious use prohibited; this site may use cookies and collect identifying information. See terms. The Jeopardy! game show and all elements thereof, including but not limited to copyright and trademark thereto, are the property of Jeopardy Productions, Inc. and are protected under law. This website is not affiliated with, sponsored by, or operated by Jeopardy Productions, Inc. Join the discussion at JBoard.tv.